Ingeniería de control moderna
محفوظ في:
| المؤلف الرئيسي: | |
|---|---|
| التنسيق: | كتاب |
| اللغة: | Spanish |
| منشور في: |
México : Prentice Hall Hispanoamericana
1998
|
| الموضوعات: | |
| الوسوم: |
إضافة وسم
لا توجد وسوم, كن أول من يضع وسما على هذه التسجيلة!
|
MARC
| LEADER | 00000nam a2200000Ia 4500 | ||
|---|---|---|---|
| 003 | 003839 | ||
| 005 | 20230221114047.0 | ||
| 008 | 140116s1998 cr a 000 ||spa d | ||
| 040 | |c cru CEDI | ||
| 082 | |a 629.8 O34i | ||
| 100 | |a Ogata, Katsuhiko, 1925- |9 105 | ||
| 245 | |a Ingeniería de control moderna |c Katsuhiko Ogata ; tr. Miguel Angel Martínez Sarmiento ; revisión técnica Francisco José Rodríguez Ramírez | ||
| 260 | |a México : Prentice Hall Hispanoamericana |c 1998 | ||
| 300 | |a xv, 997 páginas : ilustraciones | ||
| 500 | |a Título original: Modern Control Engineering, third edition. | ||
| 650 | |x CONTROL AUTOMATICO |x TEORIA DEL CONTROL | ||
| 942 | |2 ddc |c CEDI | ||
| 999 | |c 13264 |d 13264 | ||
